[Event "IX Festival de Semana Santa.  Sub 2300"]
[Site "Mondariz Balneario, Pontevedra"]
[Date "2012.04.04"]
[Round "5.5"]
[White "Draghici Flutur, Gavril"]
[Black "Ruiz Martinez, Isidro"]
[Result "1-0"]
[WhiteElo "2106"]
[BlackElo "2016"]
[PlyCount "91"]
[EventDate "2012.03.31"]

1. e4 g6 2. d4 Bg7 3. Nc3 c5 4. dxc5 Qa5 5. Bd2 Qxc5 6. Nd5 Na6 7. Nf3 e6 8.
Bc3 Bxc3+ 9. Nxc3 f6 10. Qd2 Nc7 11. Nd4 a6 12. a4 b6 13. Nb3 Qb4 14. Rd1 Kf7
15. Be2 Ne7 16. Bf3 e5 17. O-O Rd8 18. Qh6 Kg8 19. h4 Kh8 20. h5 Ng8 21. Qe3
Kg7 22. hxg6 hxg6 23. Rd2 Nh6 24. Rfd1 Nf7 25. Qe2 d6 26. Rd4 exd4 27. Rxd4
Qxd4 28. Nxd4 Bb7 29. Qc4 Rdc8 30. Qb4 b5 31. Qb3 Rh8 32. Be2 Bc8 33. f3 Bd7
34. axb5 axb5 35. Ncxb5 Nxb5 36. Bxb5 Bxb5 37. Qxb5 Rhb8 38. Qd7 Rxb2 39. Qe7
Kg8 40. Qxf6 Nh8 41. Qxd6 Rab8 42. e5 R2b6 43. Qd5+ Kg7 44. Ne6+ Kh6 45. Qd2+
Kh7 46. Qd7+ 1-0

[Event "IX Festival de Semana Santa.  Sub 2300"]
[Site "Mondariz Balneario, Pontevedra"]
[Date "2012.04.04"]
[Round "5.6"]
[White "Fernandez De Armas, Luis"]
[Black "Madurga Lopez, Ignacio"]
[Result "1-0"]
[WhiteElo "2006"]
[BlackElo "2073"]
[PlyCount "51"]
[EventDate "2012.03.31"]

1. c4 Nf6 2. g3 g6 3. Bg2 Bg7 4. Nc3 O-O 5. e3 d6 6. Nge2 e5 7. O-O Re8 8. d4
e4 9. Rb1 c6 10. d5 c5 11. a3 Bf5 12. b4 b6 13. bxc5 bxc5 14. Qa4 h5 15. Rb7
Qc8 16. Rxa7 Rxa7 17. Qxa7 Bh3 18. Nb5 Bxg2 19. Nxd6 Qg4 20. Qxf7+ Kh7 21. Nxe8
Nxe8 22. Kxg2 Nf6 23. Nf4 h4 24. Bb2 Nbd7 25. Ne6 Qf3+ 26. Kg1 1-0

[Event "IX Festival de Semana Santa.  Sub 2300"]
[Site "Mondariz Balneario, Pontevedra"]
[Date "2012.04.04"]
[Round "5.7"]
[White "Picazo Gonzalez, Alejandro"]
[Black "De Sousa Da Silva, Armando"]
[Result "1/2-1/2"]
[WhiteElo "1968"]
[BlackElo "2044"]
[PlyCount "122"]
[EventDate "2012.03.31"]

1. e4 d5 2. exd5 Qxd5 3. Nf3 Bg4 4. Be2 Nc6 5. d4 O-O-O 6. c4 Qd6 7. d5 Ne5 8.
Ng5 Bxe2 9. Qxe2 h6 10. Ne4 Qb4+ 11. Nec3 Nxc4 12. Qg4+ e6 13. dxe6 Nf6 14. Qh3
Re8 15. O-O Rxe6 16. b3 Nb6 17. Na3 Qg4 18. Qd3 a6 19. Nc2 Bd6 20. Nd4 Rd8 21.
h3 Qh5 22. Qf3 Qe5 23. Qf4 Qxf4 24. Bxf4 Bxf4 25. Nxe6 fxe6 26. g3 Be5 27. Rac1
Rd3 28. Nb1 Bd4 29. Rcd1 Rxd1 30. Rxd1 c5 31. Kg2 Nbd5 32. Nd2 Kd7 33. Nf3 e5
34. a3 Ne4 35. Nxe5+ Ke6 36. Nd3 Kd6 37. Kf3 Nef6 38. b4 c4 39. Nf4 Nxf4 40.
Rxd4+ N4d5 41. Rxc4 Nb6 42. Rd4+ Nbd5 43. Rc4 Nb6 44. Rd4+ Ke5 45. Rd8 Nbd7 46.
g4 Ke6 47. h4 Ne5+ 48. Kg3 Nexg4 49. Rb8 b5 50. Rb6+ Kd5 51. Rxa6 Ne5 52. Kf4
g5+ 53. hxg5 hxg5+ 54. Kxg5 Ne4+ 55. Kf5 Nxf2 56. Rb6 Nc4 57. Rxb5+ Kd4 58. a4
Nd6+ 59. Ke6 Nxb5 60. axb5 Nd3 61. b6 Nxb4 1/2-1/2

[Event "IX Festival de Semana Santa.  Sub 2300"]
[Site "Mondariz Balneario, Pontevedra"]
[Date "2012.04.04"]
[Round "5.8"]
[White "Escalante Ortega, Fernando"]
[Black "Clemente Llamero, Roberto"]
[Result "0-1"]
[WhiteElo "1873"]
[BlackElo "2146"]
[PlyCount "62"]
[EventDate "2012.03.31"]

1. e4 c6 2. d4 d5 3. Nc3 dxe4 4. f3 exf3 5. Nxf3 Bg4 6. Bc4 e6 7. O-O Nf6 8.
Ne2 Be7 9. c3 Nbd7 10. Bf4 O-O 11. h3 Bh5 12. Ng3 Bg6 13. Bd3 c5 14. Bxg6 hxg6
15. Qb3 cxd4 16. cxd4 Qb6 17. Qxb6 Nxb6 18. Ne2 Nfd5 19. Bh2 Rac8 20. Rfc1 Na4
21. b3 Nac3 22. Kf2 Nxe2 23. Kxe2 Ba3 24. Rc4 b5 25. Rc5 Bxc5 26. dxc5 Rxc5 27.
Ne1 Rfc8 28. Bg1 Rc1 29. Rxc1 Rxc1 30. Bxa7 Ra1 31. Bd4 Rxa2+ 0-1

[Event "IX Festival de Semana Santa.  Sub 2300"]
[Site "Mondariz Balneario, Pontevedra"]
[Date "2012.04.04"]
[Round "5.9"]
[White "Blanco Dans, Manuel"]
[Black "Saez Gabikagogeaskoa, Oscar"]
[Result "0-1"]
[WhiteElo "1797"]
[BlackElo "1998"]
[PlyCount "100"]
[EventDate "2012.03.31"]

1. e4 c5 2. Nf3 Nc6 3. Bb5 g6 4. O-O Bg7 5. c3 Nf6 6. e5 Nd5 7. d4 cxd4 8. cxd4
O-O 9. Bc4 Nc7 10. Nc3 d6 11. Bf4 Bg4 12. exd6 exd6 13. d5 Nd4 14. Be3 Nxf3+
15. gxf3 Bh3 16. Re1 Qh4 17. f4 Qg4+ 18. Qxg4 Bxg4 19. Kg2 Bxc3 20. bxc3 b5 21.
Bb3 Bf5 22. Bd4 a5 23. a3 a4 24. Ba2 Rfe8 25. f3 Rac8 26. Bf6 Kf8 27. Kf2 Na6
28. Bd4 Nc5 29. Bxc5 Rxc5 30. Rxe8+ Kxe8 31. Rc1 Bd3 32. Ke3 Bc4 33. Bxc4 Rxc4
34. Re1 Kd7 35. Rc1 Kc7 36. f5 gxf5 37. Kd3 Kd7 38. Rg1 Ke7 39. Re1+ Kf6 40.
Re2 h5 41. Rg2 Ke5 42. Rf2 Kxd5 43. f4 Re4 44. Kd2 Kc4 45. Kc2 Re3 46. Rg2
Rxc3+ 47. Kb2 Rb3+ 48. Ka2 Rf3 49. Rb2 d5 50. Rb4+ Kc5 0-1

[Event "IX Festival de Semana Santa.  Sub 2300"]
[Site "Mondariz Balneario, Pontevedra"]
[Date "2012.04.04"]
[Round "5.10"]
[White "Ruiz Abad, Juan Manuel"]
[Black "Martinez Colomar, Alejandro"]
[Result "1-0"]
[WhiteElo "1980"]
[BlackElo "1831"]
[PlyCount "49"]
[EventDate "2012.03.31"]

1. e4 c5 2. Nf3 d6 3. d4 cxd4 4. Nxd4 Nf6 5. Nc3 g6 6. Be3 Bg7 7. f3 O-O 8. Qd2
Nc6 9. Bc4 a6 10. O-O-O Bd7 11. h4 Qc7 12. Bb3 h5 13. Kb1 b5 14. Nxc6 Bxc6 15.
Bh6 Rac8 16. g4 a5 17. Bxg7 Kxg7 18. gxh5 Nxh5 19. a3 Qb6 20. Rhg1 Bb7 21. Qg5
b4 22. Bxf7 Rxf7 23. Qxg6+ Kh8 24. Qxf7 Qc5 25. Rg5 1-0

[Event "IX Festival de Semana Santa.  Sub 2300"]
[Site "Mondariz Balneario, Pontevedra"]
[Date "2012.04.04"]
[Round "5.11"]
[White "Picazo Gonzalez, Ana"]
[Black "Lopez Heras, Arturo"]
[Result "0-1"]
[WhiteElo "1728"]
[BlackElo "1882"]
[PlyCount "102"]
[EventDate "2012.03.31"]

1. d4 Nf6 2. c4 c5 3. d5 b5 4. cxb5 a6 5. bxa6 Bxa6 6. Nc3 g6 7. f4 Bg7 8. Nf3
d6 9. e4 Bxf1 10. Rxf1 O-O 11. e5 dxe5 12. fxe5 Ng4 13. Qe2 Nd7 14. e6 Nde5 15.
Nxe5 Nxe5 16. Bf4 Qb8 17. O-O-O fxe6 18. Bg3 Rxf1 19. Rxf1 exd5 20. Nxd5 Rxa2
21. Kb1 Ra7 22. Re1 Qa8 23. Nb6 Ra1+ 24. Kc2 Rxe1 25. Qxe1 Qxg2+ 26. Kb1 Qf3
27. Ka1 Qf5 28. Nd5 Qe6 29. Nc7 Qf6 30. Ne8 Qa6+ 31. Kb1 Nd3 32. Qxe7 Bxb2 33.
Nd6 Qa1+ 34. Kc2 Nb4+ 35. Kd2 Qc1+ 36. Ke2 Qc2+ 37. Kf1 Qd3+ 38. Kg2 Qd5+ 39.
Kh3 Bg7 40. Qe8+ Bf8 41. Nc4 Qf7 42. Qa8 Nd5 43. Nd6 Qe6+ 44. Kg2 Ne3+ 45. Kg1
Qd5 46. Qxd5+ Nxd5 47. Ne4 c4 48. Be1 Bg7 49. Bd2 c3 50. Bc1 Nb4 51. Nc5 Bd4+
0-1

[Event "IX Festival de Semana Santa.  Sub 2300"]
[Site "Mondariz Balneario, Pontevedra"]
[Date "2012.04.04"]
[Round "5.12"]
[White "Ballesteros Galvez, Daniel"]
[Black "Fernandez Andrade, Antonio"]
[Result "0-1"]
[WhiteElo "1722"]
[BlackElo "1844"]
[PlyCount "48"]
[EventDate "2012.03.31"]

1. e4 g6 2. d4 Bg7 3. Nc3 c5 4. dxc5 Bxc3+ 5. bxc3 Qa5 6. Qd4 Nf6 7. Bd2 Nc6 8.
Qe3 Ng4 9. Qg3 h5 10. h3 Nf6 11. Qe3 b6 12. cxb6 axb6 13. Bd3 Ba6 14. Nf3 Qc5
15. O-O d6 16. Rfb1 Nd7 17. Nd4 Nce5 18. f4 Nc4 19. Bxc4 Bxc4 20. Nb3 Qc7 21.
Qd4 f6 22. Be3 b5 23. Rb2 O-O 24. Nd2 e5 0-1

[Event "IX Festival de Semana Santa.  Sub 2300"]
[Site "Mondariz Balneario, Pontevedra"]
[Date "2012.04.05"]
[Round "6.1"]
[White "Rodriguez Boado, Martin"]
[Black "Pena Riasco, Alexander"]
[Result "1/2-1/2"]
[WhiteElo "2170"]
[BlackElo "2219"]
[PlyCount "82"]
[EventDate "2012.03.31"]

1. e4 d5 2. exd5 Qxd5 3. Nc3 Qa5 4. Bc4 Nf6 5. Nge2 e6 6. O-O c6 7. d4 Bd6 8.
Bf4 Qc7 9. Qd2 Nbd7 10. Bb3 O-O 11. Rad1 b6 12. Rfe1 Ba6 13. f3 c5 14. Bxd6
Qxd6 15. d5 exd5 16. Nxd5 c4 17. Nxf6+ Qxf6 18. Qxd7 cxb3 19. Qa4 Bxe2 20. Rxe2
Qxb2 21. axb3 h6 22. b4 a5 23. bxa5 Rxa5 24. Qd4 Qxd4+ 25. Rxd4 Rc5 26. Rd7 b5
27. Rb7 Rd8 28. Kf2 h5 29. Kg3 g6 30. Rbe7 Kg7 31. R7e5 Rdd5 32. Rxd5 Rxd5 33.
Re7 Kf6 34. Rc7 Ke6 35. h4 Rf5 36. Kf2 Kd6 37. Rc8 Rc5 38. Rd8+ Ke6 39. Rd2 Rc3
40. Kg3 Rc4 41. Kh3 f5 {El resto de la partida es ilegible un día más y ya van
3. Los árbitros deberían tomar medidas más drásticas con los jugadores que
anotan mal las jugadas de las partidas o no se entiende su letra. El
Reglamento de Ajedrez de la FIDE es claro en este punto: Artículo 8.1: En el
transcurso de la partida cada jugador está obligado a anotar sus propias
jugadas y las del adversario en la forma correcta, jugada tras jugada, de
forma tan clara y legible como sea posible, en anotación algebraica, en la
planilla prescrita por la organización. El árbitro debe ordenar a los
jugadores cuya planilla no sea legible o sea incorrecta la anotación a pasarla
a limpio una vez finalizada la partida. Manuel Outerelo Ucha Director del
Torneo} 1/2-1/2

[Event "IX Festival de Semana Santa.  Sub 2300"]
[Site "Mondariz Balneario, Pontevedra"]
[Date "2012.04.05"]
[Round "6.3"]
[White "Draghici Flutur, Gavril"]
[Black "Asensio Linan, Teodoro"]
[Result "1/2-1/2"]
[WhiteElo "2106"]
[BlackElo "2169"]
[PlyCount "98"]
[EventDate "2012.03.31"]

1. e4 c5 2. Nf3 Nc6 3. d4 cxd4 4. Nxd4 g6 5. Bc4 Bg7 6. Nb3 d6 7. O-O Nf6 8.
Re1 O-O 9. Nc3 Bd7 10. Nd5 Rc8 11. Bf1 Ne5 12. c3 a5 13. a4 Nc4 14. Nd2 Ne5 15.
h3 e6 16. Nxf6+ Bxf6 17. Nf3 Nxf3+ 18. Qxf3 Bg7 19. Rd1 Bc6 20. Qe3 Qc7 21. c4
Rfd8 22. Ra2 d5 23. exd5 exd5 24. cxd5 Bxd5 25. b3 Qc3 26. Qxc3 Bxc3 27. Rc2
Bf6 28. Rxc8 Rxc8 29. Rxd5 Rxc1 30. Rxa5 Bd4 31. Rd5 Bc5 32. Rd3 b6 33. g3 Rc2
34. Rf3 Kg7 35. g4 f6 36. Kg2 Rd2 37. Bc4 Rb2 38. h4 Rd2 39. Kf1 h6 40. Be2 Rd4
41. Rd3 Rf4 42. Rd7+ Kh8 43. f3 h5 44. Ke1 hxg4 45. fxg4 Bf2+ 46. Kd2 Bxh4 47.
Ke3 Bg5 48. Kd3 Rb4 49. Bd1 Bh4 1/2-1/2

[Event "IX Festival de Semana Santa.  Sub 2300"]
[Site "Mondariz Balneario, Pontevedra"]
[Date "2012.04.05"]
[Round "6.4"]
[White "Alonso Martinez, Tomas"]
[Black "Fernandez De Armas, Luis"]
[Result "1-0"]
[WhiteElo "2135"]
[BlackElo "2006"]
[PlyCount "45"]
[EventDate "2012.03.31"]

1. e4 d6 2. d4 Nf6 3. Nc3 e5 4. dxe5 dxe5 5. Qxd8+ Kxd8 6. f4 Bb4 7. Bd3 Bxc3+
8. bxc3 exf4 9. Bxf4 Be6 10. Nf3 h6 11. Nd4 Bd7 12. O-O a6 13. Rad1 Kc8 14. Be5
Bg4 15. Rde1 Nbd7 16. Bg3 Bh5 17. e5 Nd5 18. e6 fxe6 19. Nxe6 Bg4 20. Nxg7 Nc5
21. Bf5+ Bxf5 22. Rxf5 c6 23. c4 1-0

[Event "IX Festival de Semana Santa.  Sub 2300"]
[Site "Mondariz Balneario, Pontevedra"]
[Date "2012.04.05"]
[Round "6.5"]
[White "Outerelo Ucha, Manuel"]
[Black "Picazo Gonzalez, Alejandro"]
[Result "1-0"]
[WhiteElo "2197"]
[BlackElo "1968"]
[PlyCount "39"]
[EventDate "2012.03.31"]

1. e4 e5 2. Nf3 Nc6 3. Nc3 Nf6 4. d4 exd4 5. Nxd4 Bb4 6. Nxc6 bxc6 7. Bd3 d5 8.
exd5 cxd5 9. Qe2+ Qe7 10. Qxe7+ Kxe7 11. O-O Re8 12. Nb5 Ba5 13. Bf4 Kd8 14. c4
a6 15. Nd4 Bb7 16. c5 c6 17. Nf5 Bc7 18. Bg5 h6 19. Nxh6 Be5 20. Nxf7+ 1-0

[Event "IX Festival de Semana Santa.  Sub 2300"]
[Site "Mondariz Balneario, Pontevedra"]
[Date "2012.04.05"]
[Round "6.6"]
[White "Saez Gabikagogeaskoa, Oscar"]
[Black "Uran Bermudez, Oliver Kevin"]
[Result "0-1"]
[WhiteElo "1998"]
[BlackElo "2157"]
[PlyCount "56"]
[EventDate "2012.03.31"]

1. e4 d5 2. exd5 Qxd5 3. Nc3 Qa5 4. d4 Nf6 5. Nf3 c6 6. Ne5 Be6 7. Bd2 Qb6 8.
Nf3 Bg4 9. Be2 Bxf3 10. Bxf3 Qxd4 11. O-O Nbd7 12. Be3 Qxd1 13. Raxd1 e6 14. h3
Be7 15. g4 O-O 16. Bg2 Rfd8 17. Bf4 Nd5 18. Nxd5 cxd5 19. c4 Nf6 20. Be5 Ne4
21. cxd5 exd5 22. Rfe1 Bc5 23. Bxe4 dxe4 24. Rxd8+ Rxd8 25. Rxe4 Re8 26. Re1
Bd4 27. Re4 Bxb2 28. f4 f6 0-1

[Event "IX Festival de Semana Santa.  Sub 2300"]
[Site "Mondariz Balneario, Pontevedra"]
[Date "2012.04.05"]
[Round "6.7"]
[White "Clemente Llamero, Roberto"]
[Black "Madurga Lopez, Ignacio"]
[Result "1/2-1/2"]
[WhiteElo "2146"]
[BlackElo "2073"]
[PlyCount "77"]
[EventDate "2012.03.31"]

1. e4 c5 2. Nf3 d6 3. d4 cxd4 4. Nxd4 Nf6 5. Nc3 Nc6 6. Bg5 Bd7 7. Qd2 Rc8 8.
f4 Nxd4 9. Qxd4 Qa5 10. e5 dxe5 11. fxe5 e6 12. Bxf6 gxf6 13. O-O-O Bc6 14.
exf6 Rd8 15. Qxd8+ Qxd8 16. Rxd8+ Kxd8 17. Bd3 Rg8 18. Rd1 Kc8 19. g3 h5 20.
Be4 Bh6+ 21. Kb1 Rg4 22. Bxc6 bxc6 23. Re1 Bd2 24. Re5 Bxc3 25. bxc3 Rg6 26.
Rxh5 Rxf6 27. Kb2 Kc7 28. c4 Kb6 29. c5+ Kb5 30. Kb3 Rf3+ 31. c3 f5 32. a4+
Kxc5 33. g4 Kd6 34. gxf5 exf5 35. Rh6+ Kc5 36. h4 Kb6 37. h5 Rh3 38. Rh8 f4 39.
Rf8 1/2-1/2

[Event "IX Festival de Semana Santa.  Sub 2300"]
[Site "Mondariz Balneario, Pontevedra"]
[Date "2012.04.05"]
[Round "6.8"]
[White "Diaz Velandia, Jose Manuel"]
[Black "Ruiz Abad, Juan Manuel"]
[Result "1-0"]
[WhiteElo "2212"]
[BlackElo "1980"]
[PlyCount "129"]
[EventDate "2012.03.31"]

1. d4 Nf6 2. Nf3 c5 3. c3 Qc7 4. e3 g6 5. Bd3 d6 6. O-O Bg7 7. h3 O-O 8. e4
Nbd7 9. Qe2 e5 10. dxe5 dxe5 11. a4 b6 12. Na3 Bb7 13. Rd1 a6 14. b3 Bc6 15.
Bxa6 Nxe4 16. Bb2 Nd6 17. Bb5 Nxb5 18. Nxb5 Qb8 19. Nd2 Nf6 20. c4 Ne8 21. Ne4
f6 22. Nec3 Nc7 23. Nxc7 Qxc7 24. Rd2 Qb7 25. f3 Rfd8 26. Rad1 Rd4 27. Nb1 Re8
28. Bxd4 exd4 29. Qf1 Bh6 30. Re2 Be3+ 31. Kh1 f5 32. Na3 f4 33. Nc2 Bd7 34.
Kh2 Bf5 35. Nxd4 cxd4 36. Rxd4 Rf8 37. Rd5 Qe7 38. Qe1 Be6 39. Rb5 Qd6 40. a5
bxa5 41. Qxa5 Bf7 42. Qc3 Rd8 43. Qe1 Qd3 44. Ra2 Re8 45. Ra1 Bd4 46. Qf1 Qc2
47. Rd1 Bf2 48. Kh1 Bg3 49. Rc1 Qb2 50. Rb1 Qc3 51. c5 Qe3 52. c6 Rc8 53. Qc1
Bf2 54. Qc2 Qe6 55. Qxf2 Qxc6 56. Rb4 Qc3 57. Qe1 Qc2 58. Qd1 Qc7 59. Rd4 Rb8
60. b4 Rb5 61. Rd8+ Kg7 62. Qd4+ Kh6 63. Rd7 Qc2 64. Qxf4+ Rg5 65. Rg1 1-0

[Event "IX Festival de Semana Santa.  Sub 2300"]
[Site "Mondariz Balneario, Pontevedra"]
[Date "2012.04.05"]
[Round "6.10"]
[White "Ruiz Martinez, Isidro"]
[Black "Fernandez Andrade, Antonio"]
[Result "1-0"]
[WhiteElo "2016"]
[BlackElo "1844"]
[PlyCount "137"]
[EventDate "2012.03.31"]

1. e4 c5 2. Nf3 d6 3. d4 cxd4 4. Nxd4 Nf6 5. Nc3 a6 6. Be2 e5 7. Nb3 Be7 8. Be3
Be6 9. a4 O-O 10. a5 Nbd7 11. f3 Rc8 12. O-O h5 13. Qd2 h4 14. Rfd1 Nh5 15. Bf1
Rc6 16. Nc1 Nf4 17. N1a2 Nf6 18. Nb4 Rc8 19. g3 hxg3 20. hxg3 N4h5 21. Qf2 Ne8
22. Nbd5 Bg5 23. Bb6 Qd7 24. Qh2 g6 25. f4 exf4 26. gxf4 Rxc3 27. bxc3 Bxd5 28.
Rxd5 Bxf4 29. Qg2 Nef6 30. Rd3 Be5 31. Be3 Re8 32. Be2 Ng3 33. Bf3 Ngxe4 34.
Bd4 Bxd4+ 35. Rxd4 Nxc3 36. Qd2 Nb5 37. Rh4 Qe7 38. Kf2 Nh5 39. Re4 Qd8 40.
Rxe8+ Qxe8 41. Bxh5 Qe5 42. Rh1 gxh5 43. Rg1+ Kh7 44. Rg5 Qh2+ 45. Rg2 Qh4+ 46.
Kg1 Nd4 47. Qd3+ f5 48. Qc3 Ne6 49. Qe3 Qd4 50. Qxd4 Nxd4 51. c3 Ne6 52. Rd2
Nf4 53. Rxd6 Ne2+ 54. Kf2 Nxc3 55. Rb6 Ne4+ 56. Ke3 Nc5 57. Kf4 h4 58. Kg5 Kg7
59. Kxh4 Kf7 60. Kg5 Ke7 61. Kxf5 Kd8 62. Rb1 Kd7 63. Ke5 Kc6 64. Rb6+ Kc7 65.
Kd5 Nd7 66. Rh6 b5 67. Rxa6 Kb7 68. Rh6 Nb8 69. Rb6+ 1-0

[Event "IX Festival de Semana Santa.  Sub 2300"]
[Site "Mondariz Balneario, Pontevedra"]
[Date "2012.04.05"]
[Round "6.11"]
[White "Arranz Fraile, Javier"]
[Black "Escalante Ortega, Fernando"]
[Result "0-1"]
[WhiteElo "1669"]
[BlackElo "1873"]
[PlyCount "62"]
[EventDate "2012.03.31"]

1. e4 c5 2. Nf3 Nc6 3. d4 cxd4 4. Nxd4 Nf6 5. Nc3 e5 6. Nb3 Bb4 7. Bg5 h6 8.
Bxf6 Bxc3+ 9. bxc3 Qxf6 10. Be2 d6 11. Bg4 O-O 12. O-O Qg6 13. Bxc8 Raxc8 14.
Qd5 b6 15. Rad1 Rfd8 16. Rd3 Rc7 17. Nd2 Ne7 18. Qb3 Rc5 19. Re1 d5 20. Rg3 Qc6
21. exd5 Rcxd5 22. Nf3 Qd6 23. h4 Rd1 24. Kh2 Rxe1 25. Nxe1 e4 26. c4 Nf5 27.
Qc3 Nxg3 28. fxg3 Qd2 29. Qxd2 Rxd2 30. Kg1 h5 31. Kf1 Kh7 0-1

[Event "IX Festival de Semana Santa.  Sub 2300"]
[Site "Mondariz Balneario, Pontevedra"]
[Date "2012.04.05"]
[Round "6.13"]
[White "Ballesteros Galvez, Daniel"]
[Black "Blanco Dans, Manuel"]
[Result "1/2-1/2"]
[WhiteElo "1722"]
[BlackElo "1797"]
[PlyCount "65"]
[EventDate "2012.03.31"]

1. e4 Nf6 2. e5 Nd5 3. c4 Nb6 4. d4 d6 5. exd6 exd6 6. Nc3 Nc6 7. d5 Ne5 8. Be2
Be7 9. f4 Ned7 10. Nf3 Bh4+ 11. g3 Bf6 12. O-O Nc5 13. Re1 O-O 14. Qc2 Bg4 15.
Ng5 Bxg5 16. Bxg4 Bf6 17. b3 Re8 18. Bd2 c6 19. Rxe8+ Qxe8 20. Re1 Qf8 21. dxc6
bxc6 22. Ne4 Bd4+ 23. Kh1 Re8 24. Nxc5 Rxe1+ 25. Bxe1 Bxc5 26. Qe4 d5 27. cxd5
cxd5 28. Qd3 Qe7 29. Bc3 d4 30. Bd2 Nd5 31. Bf3 Ne3 32. Bxe3 Qxe3 33. Qxe3
1/2-1/2

[Event "IX Festival de Semana Santa.  Sub 2300"]
[Site "Mondariz Balneario, Pontevedra"]
[Date "2012.04.05"]
[Round "6.14"]
[White "Dominguez Certal, Dario"]
[Black "Picazo Gonzalez, Ana"]
[Result "0-1"]
[WhiteElo "1520"]
[BlackElo "1728"]
[PlyCount "52"]
[EventDate "2012.03.31"]

1. d4 e6 2. c4 f5 3. Nc3 Nf6 4. Nf3 d5 5. e3 c6 6. cxd5 exd5 7. Be2 Bd6 8. O-O
O-O 9. b3 Nbd7 10. Bb2 Ne4 11. Rc1 Rf6 12. h4 Rh6 13. g3 g5 14. Nxe4 fxe4 15.
Nxg5 Rg6 16. Kg2 Nf6 17. Nh3 Qc7 18. Nf4 Bxf4 19. exf4 Qxf4 20. Kh2 Qf5 21. Qd2
Qh3+ 22. Kg1 Ng4 23. Bxg4 Bxg4 24. f3 Bxf3 25. Rxf3 exf3 26. Ba3 Rxg3+ 0-1

[Event "IX Festival de Semana Santa.  Sub 2300"]
[Site "Mondariz Balneario, Pontevedra"]
[Date "2012.04.06"]
[Round "7.1"]
[White "Pena Riasco, Alexander"]
[Black "Gomez Jurado, Luis Alberto"]
[Result "1-0"]
[WhiteElo "2219"]
[BlackElo "2266"]
[PlyCount "145"]
[EventDate "2012.03.31"]

1. e4 c6 2. d4 d5 3. Nd2 dxe4 4. Nxe4 Bf5 5. Ng3 Bg6 6. Nf3 Nd7 7. h4 h6 8. h5
Bh7 9. Bd3 Bxd3 10. Qxd3 e6 11. Bd2 Ngf6 12. O-O-O Be7 13. c4 O-O 14. Bc3 b5
15. Ne5 bxc4 16. Qxc4 Nb6 17. Qa6 Qc7 18. Kb1 Nfd5 19. Rc1 Bf6 20. Rhe1 Bxe5
21. dxe5 c5 22. Ne4 c4 23. g3 Nxc3+ 24. Nxc3 Rad8 25. Re2 Rd3 26. Nb5 Qc6 27.
Nd6 Qf3 28. Rec2 Qxh5 29. Nxc4 Nxc4 30. Qxc4 Rfd8 31. Qa4 Rd1 32. Qe4 Qg5 33.
a3 Rxc1+ 34. Rxc1 Qd2 35. Rc2 Qd1+ 36. Ka2 g5 37. g4 Qd5+ 38. Rc4 Qd2 39. f3 a5
40. Rc5 Rb8 41. Qc2 Qxc2 42. Rxc2 Rb5 43. Re2 Kg7 44. Re4 Rd5 45. Kb3 Rd3+ 46.
Ka4 Rxf3 47. Kxa5 Rb3 48. Re2 Kg6 49. Ka4 Rb8 50. b4 h5 51. gxh5+ Kxh5 52. b5
g4 53. Kb4 g3 54. a4 Kg4 55. a5 Kf3 56. Rb2 g2 57. Rxg2 Kxg2 58. a6 Ra8 59. Ka5
f5 60. b6 f4 61. b7 Rd8 62. a7 Rd5+ 63. Kb4 f3 64. b8=Q f2 65. Qg8+ Kh1 66.
Qh7+ Kg2 67. Qg6+ Kh2 68. a8=Q Rd4+ 69. Kc3 f1=Q 70. Qh8+ Qh3+ 71. Qxh3+ Kxh3
72. Kxd4 Kh4 73. Qf6+ 1-0

[Event "IX Festival de Semana Santa.  Sub 2300"]
[Site "Mondariz Balneario, Pontevedra"]
[Date "2012.04.06"]
[Round "7.2"]
[White "Rodriguez Boado, Martin"]
[Black "Alonso Martinez, Tomas"]
[Result "1-0"]
[WhiteElo "2170"]
[BlackElo "2135"]
[PlyCount "81"]
[EventDate "2012.03.31"]

1. e4 e5 2. d4 exd4 3. Nf3 Nc6 4. Nxd4 Nf6 5. Nxc6 bxc6 6. e5 Qe7 7. Qe2 Nd5 8.
Nd2 f6 9. Nf3 fxe5 10. Bg5 Qe6 11. Qe4 Bc5 12. Bc4 Nf6 13. Qxe5 Bxf2+ 14. Kxf2
Ng4+ 15. Kg3 Nxe5 16. Bxe6 Nxf3 17. Bxd7+ Bxd7 18. gxf3 O-O 19. Rad1 Be6 20.
Rhe1 Bd5 21. Re3 Rae8 22. Ra3 Re2 23. Rd2 Rxd2 24. Bxd2 Rb8 25. Bc3 Rb7 26. b3
Kf7 27. Bd4 g6 28. Ra6 Ke7 29. c4 Be6 30. Rxc6 Kd7 31. Ra6 Bf5 32. Kf4 Bb1 33.
Kg5 Rb8 34. Rxa7 Rf8 35. Kg4 h5+ 36. Kg3 Bd3 37. Be5 Rc8 38. h4 Kc6 39. Ra5 Rf8
40. b4 Rb8 41. Rc5+ 1-0

[Event "IX Festival de Semana Santa.  Sub 2300"]
[Site "Mondariz Balneario, Pontevedra"]
[Date "2012.04.06"]
[Round "7.3"]
[White "Asensio Linan, Teodoro"]
[Black "Outerelo Ucha, Manuel"]
[Result "0-1"]
[WhiteElo "2169"]
[BlackElo "2197"]
[PlyCount "100"]
[EventDate "2012.03.31"]

1. e4 e5 2. Nf3 Nc6 3. d4 exd4 4. Nxd4 Bc5 5. Be3 Qf6 6. Nb5 Bxe3 7. fxe3 Qh4+
8. g3 Qd8 9. Qg4 g6 10. Qf4 d6 11. Bc4 Ne5 12. O-O Bh3 13. Bxf7+ Kd7 14. Nd2 g5
15. Qf2 Nh6 16. Bb3 Rf8 17. Qxf8 Qxf8 18. Rxf8 Rxf8 19. Nd4 c5 20. Nf5 Nxf5 21.
exf5 Rxf5 22. Re1 Ng4 23. Ne4 Re5 24. Ba4+ Ke7 25. Nc3 d5 26. e4 Nf6 27. Nd1
Rxe4 28. Rxe4+ Nxe4 29. c3 Be6 30. Bc2 Nf6 31. Kf2 Kd6 32. Ne3 Ke5 33. h4 gxh4
34. gxh4 d4 35. cxd4+ cxd4 36. Nf1 Bxa2 37. b3 d3 38. Bxd3 Bxb3 39. Nd2 Bd5 40.
Ke3 Ng4+ 41. Ke2 h6 42. Nf3+ Bxf3+ 43. Kxf3 Nf6 44. Bf1 a5 45. Bb5 Nd5 46. Kg4
Nc3 47. Be8 a4 48. Bxa4 Nxa4 49. Kh5 Nc5 50. Kxh6 Ne4 0-1

[Event "IX Festival de Semana Santa.  Sub 2300"]
[Site "Mondariz Balneario, Pontevedra"]
[Date "2012.04.06"]
[Round "7.5"]
[White "Uran Bermudez, Oliver Kevin"]
[Black "Ruiz Martinez, Isidro"]
[Result "1-0"]
[WhiteElo "2157"]
[BlackElo "2016"]
[PlyCount "185"]
[EventDate "2012.03.31"]

1. e4 e5 2. Nf3 Nc6 3. Bb5 a6 4. Ba4 Nf6 5. O-O Be7 6. Re1 b5 7. Bb3 d6 8. c3
O-O 9. h3 Bb7 10. d3 Na5 11. Bc2 c5 12. Nbd2 Re8 13. Nf1 Bf8 14. Ng3 g6 15. Bd2
Nc6 16. Nh2 Qd7 17. Qf3 Qd8 18. Bg5 Be7 19. Rad1 Kg7 20. h4 Ng8 21. Bxe7 Qxe7
22. Qg4 Kh8 23. f4 Nh6 24. Qg5 Qxg5 25. fxg5 Ng8 26. Rf1 Rf8 27. Bb3 Nd8 28.
Ng4 Bc8 29. Nf6 Ne6 30. Ne2 Kg7 31. Bd5 Ra7 32. d4 h6 33. gxh6+ Nxh6 34. Bc6
Rc7 35. Ne8+ Rxe8 36. Bxe8 cxd4 37. cxd4 Rc2 38. dxe5 Rxe2 39. exd6 Bb7 40. d7
Nd8 41. Rde1 Rxb2 42. Rf2 Rb4 43. Rf4 Kf8 44. g4 Rd4 45. g5 Nf5 46. h5 Ne6 47.
exf5 Nxf4 48. f6 Nh3+ 49. Kh2 Nxg5 50. h6 Nh7 51. Re7 Nxf6 52. Rxf7+ Kg8 53.
Rxf6 Kh7 54. Bxg6+ Kxh6 55. Bf5+ Kg5 56. Rf8 Bc6 57. d8=Q+ Rxd8 58. Rxd8 Kxf5
59. Rd6 Bb7 60. Kg3 Ke5 61. Rb6 Bc8 62. Kf2 Kd4 63. Ke2 Kc5 64. Rg6 b4 65. Kd2
a5 66. Rg5+ Kb6 67. Kd3 Ba6+ 68. Kd4 a4 69. Rg6+ Kb5 70. Rg8 Kc6 71. Rg5 Kb6
72. Kd5 Kb5 73. Rg7 Kb6 74. Rg8 Kc7 75. Kc5 b3 76. axb3 axb3 77. Rg7+ Kd8 78.
Rg3 Ke7 79. Rxb3 Bc8 80. Rf3 Bb7 81. Rh3 Kf6 82. Kd6 Be4 83. Re3 Bb7 84. Re8
Kf5 85. Re5+ Kf6 86. Rb5 Be4 87. Rb4 Bf5 88. Rf4 Kg5 89. Ke5 Bg6 90. Rf2 Bh5
91. Rg2+ Kh6 92. Kf6 Kh7 93. Rh2 1-0